[Event "Casar-07"]
[Site "?"]
[Date "2007.10.28"]
[Round "10.3"]
[White "Mateo, Ramon"]
[Black "Gonzalez, Jose"]
[Result "1/2-1/2"]
[WhiteElo "2493"]
[BlackElo "2541"]
[PlyCount "22"]
[EventDate "2007.10.23"]
[SourceDate "2007.10.23"]

1. e4 c5 2. Nf3 d6 3. d4 cxd4 4. Nxd4 Nf6 5. Nc3 Nc6 6. Bg5 e6 7. Qd2 Be7 8.
O-O-O Nxd4 9. Qxd4 O-O 10. Bc4 Qa5 11. h4 a6 1/2-1/2

[Event "Casar-07"]
[Site "?"]
[Date "2007.10.28"]
[Round "10"]
[White "Vazquez, Renier"]
[Black "Imre, Hera"]
[Result "1/2-1/2"]
[WhiteElo "2553"]
[BlackElo "2544"]
[PlyCount "29"]
[EventDate "2007.10.23"]
[SourceDate "2007.10.23"]

1. e4 g6 2. d4 Bg7 3. Nf3 d6 4. Nc3 Nf6 5. Be2 O-O 6. O-O Bg4 7. h3 Bxf3 8.
Bxf3 e5 9. dxe5 dxe5 10. Qxd8 Rxd8 11. Bg5 c6 12. Rfd1 Na6 13. Rxd8+ Rxd8 14.
Rd1 Rxd1+ 15. Bxd1 1/2-1/2

[Event "I Magistral de Ajedrez Casar de Cáceres"]
[Site "Casar de Cáceres ESP"]
[Date "2007.10.22"]
[Round "1.1"]
[White "Mateo, Ramon"]
[Black "Vazquez Igarza, Renier"]
[Result "1-0"]
[WhiteElo "2493"]
[BlackElo "2553"]
[PlyCount "69"]
[EventDate "2007.10.23"]
[EventType "tourn"]
[EventRounds "10"]
[EventCountry "ESP"]
[Source "lmi"]
[SourceDate "2007.10.22"]

1. d4 Nf6 2. c4 c6 3. Nf3 d5 4. cxd5 cxd5 5. Nc3 Bf5 6. Qb3 Qb6 7. Bf4 Nc6 8.
e3 e6 9. Bb5 Rc8 10. O-O Be7 11. Ne5 O-O 12. Bxc6 bxc6 13. Qxb6 axb6 14. Na4
Bd8 15. Rfc1 b5 16. Nc5 Nh5 17. Ncd7 Nxf4 18. exf4 Re8 19. Rxc6 Ra8 20. g4 Bg6
21. Nxg6 hxg6 22. b3 Bf6 23. Nxf6+ gxf6 24. Rb6 Reb8 25. Rxb8+ Rxb8 26. a4 bxa4
27. bxa4 g5 28. fxg5 fxg5 29. a5 Ra8 30. a6 Ra7 31. Kf1 f6 32. Ke2 Kf7 33. Kd3
Ke7 34. Kc3 Kd6 35. Kb4 1-0

[Event "I Magistral de Ajedrez Casar de Cáceres"]
[Site "Casar de Cáceres ESP"]
[Date "2007.10.22"]
[Round "1.3"]
[White "Imre, Hera"]
[Black "Llanes Hurtado, Miguel"]
[Result "1/2-1/2"]
[WhiteElo "2544"]
[BlackElo "2459"]
[PlyCount "29"]
[EventDate "2007.10.23"]
[EventType "tourn"]
[EventRounds "10"]
[EventCountry "ESP"]
[Source "lmi"]
[SourceDate "2007.10.22"]

1. Nf3 Nf6 2. c4 c5 3. g3 e6 4. Nc3 b6 5. Bg2 Bb7 6. O-O Be7 7. Re1 d5 8. cxd5
Nxd5 9. e4 Nb4 10. d4 cxd4 11. Nxd4 N8c6 12. Nxc6 Qxd1 13. Rxd1 Bxc6 14. Bf4 g5
15. Bd6 1/2-1/2

[Event "I Magistral de Ajedrez Casar de Cáceres"]
[Site "Casar de Cáceres ESP"]
[Date "2007.10.23"]
[Round "2.1"]
[White "Vazquez Igarza, Renier"]
[Black "Llanes Hurtado, Miguel"]
[Result "1/2-1/2"]
[WhiteElo "2553"]
[BlackElo "2459"]
[PlyCount "20"]
[EventDate "2007.10.23"]
[EventType "tourn"]
[EventRounds "10"]
[EventCountry "ESP"]
[Source "lmi"]
[SourceDate "2007.10.22"]

1. e4 c5 2. Nf3 d6 3. d4 cxd4 4. Nxd4 Nf6 5. Nc3 a6 6. Bg5 e6 7. f4 Qb6 8. Nb3
Nbd7 9. Qf3 Be7 10. O-O-O Qc7 1/2-1/2

[Event "I Magistral de Ajedrez Casar de Cáceres"]
[Site "Casar de Cáceres ESP"]
[Date "2007.10.23"]
[Round "2.3"]
[White "Mateo, Ramon"]
[Black "Saldaño, Horacio"]
[Result "1-0"]
[WhiteElo "2493"]
[BlackElo "2452"]
[PlyCount "69"]
[EventDate "2007.10.23"]
[EventType "tourn"]
[EventRounds "10"]
[EventCountry "ESP"]
[Source "lmi"]
[SourceDate "2007.10.22"]

1. c4 e6 2. Nf3 d5 3. d4 Nf6 4. Bg5 Be7 5. Nc3 h6 6. Bxf6 Bxf6 7. cxd5 exd5 8.
Qc2 O-O 9. h3 Re8 10. O-O-O c6 11. e3 b5 12. Bd3 a5 13. e4 Na6 14. e5 Nb4 15.
Qd2 Bg5 16. Nxg5 Nxd3+ 17. Qxd3 Qxg5+ 18. Qd2 Qxd2+ 19. Kxd2 Be6 20. Ne2 Rec8
21. Rc1 Rc7 22. Rc5 Rac8 23. g4 g6 24. Nc1 Kf8 25. Nd3 Ke7 26. Rhc1 h5 27. f3
hxg4 28. hxg4 Rh8 29. Rxc6 Rh2+ 30. Ke3 Rxc6 31. Rxc6 a4 32. a3 Rh3 33. Nf2 Rh8
34. Rc5 Rb8 35. Nd3 1-0

[Event "I Magistral de Ajedrez Casar de Cáceres"]
[Site "Casar de Cáceres ESP"]
[Date "2007.10.23"]
[Round "3.1"]
[White "Saldaño, Horacio"]
[Black "Vazquez Igarza, Renier"]
[Result "1/2-1/2"]
[WhiteElo "2452"]
[BlackElo "2553"]
[PlyCount "80"]
[EventDate "2007.10.23"]
[EventType "tourn"]
[EventRounds "10"]
[EventCountry "ESP"]
[Source "lmi"]
[SourceDate "2007.10.22"]

1. e4 e5 2. Nf3 Nf6 3. Nc3 Nc6 4. d4 exd4 5. Nxd4 Bb4 6. Nxc6 bxc6 7. Bd3 d5 8.
exd5 cxd5 9. O-O O-O 10. Bg5 c6 11. Na4 h6 12. Bh4 Bd6 13. c4 Be5 14. Rc1 Qd6
15. Bg3 Bxg3 16. hxg3 Be6 17. cxd5 Bxd5 18. Nc3 Rab8 19. Nxd5 cxd5 20. b3 Rfe8
21. Qd2 Qe5 22. Qf4 Qb2 23. Rc2 Qa3 24. Qd4 Rbc8 25. Rb2 a5 26. Bf5 Rc7 27. Rd2
Rce7 28. Bb1 Re1 29. Rd1 R1e2 30. Rd2 h5 31. Qd3 Re1 32. Rd1 Qb4 33. Rdxe1 Rxe1
34. Qf5 Qc3 35. Qc2 Qb4 36. Qc8+ Re8 37. Qf5 Qd2 38. Qc2 Qd4 39. Qc7 Qb4 40.
Bd3 g6 1/2-1/2

[Event "I Magistral de Ajedrez Casar de Cáceres"]
[Site "Casar de Cáceres ESP"]
[Date "2007.10.23"]
[Round "3.2"]
[White "Imre, Hera"]
[Black "Mateo, Ramon"]
[Result "1-0"]
[WhiteElo "2544"]
[BlackElo "2493"]
[PlyCount "141"]
[EventDate "2007.10.23"]
[EventType "tourn"]
[EventRounds "10"]
[EventCountry "ESP"]
[Source "lmi"]
[SourceDate "2007.10.22"]

1. Nf3 Nf6 2. c4 e6 3. g3 b6 4. Bg2 Bb7 5. O-O c5 6. Nc3 Be7 7. Re1 Ne4 8. Qc2
Nd6 9. b3 Nc6 10. e4 f5 11. d3 O-O 12. Bf4 g6 13. Rad1 Nf7 14. exf5 gxf5 15. d4
cxd4 16. Nxd4 Nxd4 17. Rxd4 Bxg2 18. Kxg2 Bf6 19. Rd3 Qc8 20. Red1 d5 21. cxd5
e5 22. Be3 f4 23. gxf4 e4 24. Rd4 Qg4+ 25. Kf1 Rac8 26. Ke1 Bxd4 27. Rxd4 Nd6
28. Qd1 Qxd1+ 29. Nxd1 Rc2 30. Ra4 Nf5 31. Rxa7 Rf6 32. Ra8+ Kf7 33. Ra7+ Kg6
34. Ra4 Nh4 35. Rxe4 Nf3+ 36. Kf1 Kf5 37. Rc4 Rxa2 38. Nc3 Rb2 39. Ne4 b5 40.
Rb4 Ra6 41. h3 Ra1+ 42. Kg2 Ne1+ 43. Kg3 Nc2 44. Nd6+ Kf6 45. Rxb5 Ra3 46. Rb6
Rbxb3 47. Rc6 Nxe3 48. Nc4+ Kf5 49. Nxe3+ Rxe3+ 50. fxe3 Rxe3+ 51. Kh4 Rd3 52.
Rd6 Rf3 53. Rd7 h6 54. Rf7+ Kg6 55. Kg4 Rd3 56. Rd7 h5+ 57. Kh4 Rf3 58. Rd6+
Kf5 59. Rd8 Rxf4+ 60. Kxh5 Rd4 61. h4 Kf6 62. Rd6+ Ke5 63. Rd8 Kf5 64. Rg8 Kf6
65. Rf8+ Ke5 66. Kg5 Rd1 67. Rf5+ Kd6 68. h5 Ke7 69. Kg6 Rg1+ 70. Rg5 Rh1 71.
h6 1-0

[Event "I Magistral de Ajedrez Casar de Cáceres"]
[Site "Casar de Cáceres ESP"]
[Date "2007.10.23"]
[Round "3.3"]
[White "Llanes Hurtado, Miguel"]
[Black "Gonzalez Garcia, Jose"]
[Result "1/2-1/2"]
[WhiteElo "2459"]
[BlackElo "2541"]
[PlyCount "24"]
[EventDate "2007.10.23"]
[EventType "tourn"]
[EventRounds "10"]
[EventCountry "ESP"]
[Source "lmi"]
[SourceDate "2007.10.22"]

1. d4 d5 2. c4 e6 3. Nf3 Nf6 4. g3 Bb4+ 5. Bd2 Be7 6. Bg2 O-O 7. O-O c6 8. Bf4
b6 9. Nc3 Ba6 10. cxd5 cxd5 11. Rc1 Bb7 12. Ne5 Nbd7 1/2-1/2

[Event "I Magistral de Ajedrez Casar de Cáceres"]
[Site "Casar de Cáceres ESP"]
[Date "2007.10.24"]
[Round "4.1"]
[White "Vazquez Igarza, Renier"]
[Black "Gonzalez Garcia, Jose"]
[Result "1/2-1/2"]
[WhiteElo "2553"]
[BlackElo "2541"]
[PlyCount "110"]
[EventDate "2007.10.23"]
[EventType "tourn"]
[EventRounds "10"]
[EventCountry "ESP"]
[Source "lmi"]
[SourceDate "2007.10.22"]

1. Nf3 d5 2. d4 c6 3. c4 Nf6 4. Nc3 dxc4 5. a4 e6 6. e4 Bb4 7. e5 Nd5 8. Bd2 b5
9. Ng5 Be7 10. Qh5 g6 11. Qh6 Bf8 12. Qh3 Be7 13. Nce4 f5 14. exf6 Nxf6 15.
O-O-O Nxe4 16. Nxe4 O-O 17. Be2 e5 18. Qh6 Bf5 19. Ng5 Bxg5 20. Bxg5 Qd5 21.
Bf6 Qf7 22. dxe5 Na6 23. axb5 Nc5 24. Rd6 Ne4 25. Rhd1 Nc5 26. R1d2 Nb3+ 27.
Kd1 Nxd2 28. Kxd2 c3+ 29. bxc3 Qa2+ 30. Ke3 Rf7 31. g4 Re8 32. f4 Be6 33. Qh4
Qa3 34. Bd3 Qc1+ 35. Kf3 Qxc3 36. bxc6 Bc4 37. Ke3 Bxd3 38. Rxd3 Qxc6 39. Kf2
Qc2+ 40. Ke3 Qc1+ 41. Kf3 Qc6+ 42. Kg3 Qe4 43. Rf3 Qe1+ 44. Kh3 Qxh4+ 45. Kxh4
a5 46. Ra3 Ra8 47. f5 gxf5 48. gxf5 Rxf6 49. exf6 Kf7 50. Kg5 h6+ 51. Kxh6 Kxf6
52. Kh5 Kxf5 53. Kh4 a4 54. Kg3 Ke4 55. h4 Kd4 1/2-1/2

[Event "I Magistral de Ajedrez Casar de Cáceres"]
[Site "Casar de Cáceres ESP"]
[Date "2007.10.24"]
[Round "4.2"]
[White "Mateo, Ramon"]
[Black "Llanes Hurtado, Miguel"]
[Result "1/2-1/2"]
[WhiteElo "2493"]
[BlackElo "2459"]
[PlyCount "33"]
[EventDate "2007.10.23"]
[EventType "tourn"]
[EventRounds "10"]
[EventCountry "ESP"]
[Source "lmi"]
[SourceDate "2007.10.22"]

1. e4 e5 2. Nf3 Nf6 3. d4 Nxe4 4. Bd3 d5 5. Nxe5 Nd7 6. Nxd7 Bxd7 7. O-O Bd6 8.
Nc3 Nxc3 9. bxc3 O-O 10. Qh5 f5 11. Rb1 b6 12. c4 dxc4 13. Bxc4+ Kh8 14. Rb3
Be8 15. Qf3 Bf7 16. Bxf7 Rxf7 17. c4 1/2-1/2

[Event "I Magistral de Ajedrez Casar de Cáceres"]
[Site "Casar de Cáceres ESP"]
[Date "2007.10.25"]
[Round "5.1"]
[White "Imre, Hera"]
[Black "Vazquez Igarza, Renier"]
[Result "0-1"]
[WhiteElo "2544"]
[BlackElo "2553"]
[PlyCount "78"]
[EventDate "2007.10.23"]
[EventType "tourn"]
[EventRounds "10"]
[EventCountry "ESP"]
[Source "lmi"]
[SourceDate "2007.10.22"]

1. d4 d5 2. c4 e6 3. Nf3 Nf6 4. g3 c5 5. cxd5 exd5 6. Bg2 Nc6 7. O-O Be7 8. Nc3
O-O 9. Bg5 cxd4 10. Nxd4 h6 11. Be3 Re8 12. Qb3 Na5 13. Qc2 Nc4 14. Bf4 Bg4 15.
Ndb5 g5 16. Bc1 a6 17. Nd4 Rc8 18. e3 Bh5 19. f3 Bc5 20. Qf2 Bg6 21. g4 Qe7 22.
Nd1 Bxd4 23. exd4 Bd3 24. b3 Bxf1 25. Bxf1 Na3 26. Bxa3 Qxa3 27. Ne3 Rc1 28.
Rxc1 Qxc1 29. Nf5 h5 30. Nh6+ Kg7 31. Nf5+ Kg8 32. Nh6+ Kf8 33. Qg3 Qe3+ 34.
Kh1 Qf4 35. Qxf4 gxf4 36. g5 Re1 37. Kg2 Ne8 38. Nf5 Ra1 39. a4 Rb1 0-1

[Event "I Magistral de Ajedrez Casar de Cáceres"]
[Site "Casar de Cáceres ESP"]
[Date "2007.10.25"]
[Round "5.2"]
[White "Llanes Hurtado, Miguel"]
[Black "Saldaño, Horacio"]
[Result "1/2-1/2"]
[WhiteElo "2459"]
[BlackElo "2452"]
[PlyCount "36"]
[EventDate "2007.10.23"]
[EventType "tourn"]
[EventRounds "10"]
[EventCountry "ESP"]
[Source "lmi"]
[SourceDate "2007.10.22"]

1. d4 d5 2. c4 c6 3. Nf3 Nf6 4. Nc3 dxc4 5. e3 b5 6. a4 b4 7. Na2 e6 8. Bxc4
Nbd7 9. Bd2 a5 10. Nc1 Be7 11. O-O O-O 12. Qe2 Bb7 13. Nb3 c5 14. Rfd1 Qb6 15.
Be1 Rac8 16. Bb5 Bd5 17. Nfd2 cxd4 18. Nxd4 Ne5 1/2-1/2

[Event "I Magistral de Ajedrez Casar de Cáceres"]
[Site "Casar de Cáceres ESP"]
[Date "2007.10.25"]
[Round "5.3"]
[White "Gonzalez Garcia, Jose"]
[Black "Mateo, Ramon"]
[Result "1-0"]
[WhiteElo "2541"]
[BlackElo "2493"]
[PlyCount "72"]
[EventDate "2007.10.23"]
[EventType "tourn"]
[EventRounds "10"]
[EventCountry "ESP"]
[Source "lmi"]
[SourceDate "2007.10.22"]

1. Nf3 Nf6 2. c4 c5 3. Nc3 b6 4. e3 Bb7 5. d4 cxd4 6. exd4 e6 7. Bd3 Bb4 8. O-O
O-O 9. Bg5 h6 10. Bh4 Be7 11. Re1 d6 12. a3 Nbd7 13. b4 Rc8 14. Rc1 Re8 15. Nd2
Nf8 16. Bg3 g6 17. Be2 N8h7 18. f4 Qd7 19. Bf3 Bxf3 20. Qxf3 d5 21. c5 a5 22.
Bf2 axb4 23. axb4 bxc5 24. dxc5 d4 25. Nce4 Nd5 26. Nc4 Rb8 27. Ned6 Red8 28.
Nxf7 Rf8 29. Nxh6+ Kg7 30. Bxd4+ Bf6 31. Ne5 Qe8 32. Nhg4 Rxb4 33. Ba1 Rxf4 34.
Qh3 Kg8 35. Nxf6+ Nhxf6 36. Qh6 Qd7 1-0

[Event "I Magistral de Ajedrez Casar de Cáceres"]
[Site "Casar de Cáceres ESP"]
[Date "2007.10.25"]
[Round "6.1"]
[White "Vazquez Igarza, Renier"]
[Black "Mateo, Ramon"]
[Result "1/2-1/2"]
[WhiteElo "2553"]
[BlackElo "2493"]
[PlyCount "39"]
[EventDate "2007.10.23"]
[EventType "tourn"]
[EventRounds "10"]
[EventCountry "ESP"]
[Source "lmi"]
[SourceDate "2007.10.22"]

1. e4 c6 2. d4 d5 3. Nd2 dxe4 4. Nxe4 Nd7 5. Nf3 Ngf6 6. Nxf6+ Nxf6 7. Ne5 Nd7
8. Bf4 Nxe5 9. Bxe5 Qd5 10. c4 Qa5+ 11. Qd2 Qxd2+ 12. Kxd2 Bf5 13. Bd3 Bxd3 14.
Kxd3 f6 15. Bg3 e6 16. Rhe1 Kf7 17. Kc3 Be7 18. Re2 Rhe8 19. Rae1 Bf8 20. f3
1/2-1/2

[Event "I Magistral de Ajedrez Casar de Cáceres"]
[Site "Casar de Cáceres ESP"]
[Date "2007.10.25"]
[Round "6.2"]
[White "Gonzalez Garcia, Jose"]
[Black "Saldaño, Horacio"]
[Result "1/2-1/2"]
[WhiteElo "2541"]
[BlackElo "2452"]
[PlyCount "55"]
[EventDate "2007.10.23"]
[EventType "tourn"]
[EventRounds "10"]
[EventCountry "ESP"]
[Source "lmi"]
[SourceDate "2007.10.22"]

1. d4 Nf6 2. c4 g6 3. Nc3 Bg7 4. e4 d6 5. Bg5 h6 6. Be3 O-O 7. h3 c5 8. d5 e6
9. Bd3 exd5 10. exd5 a6 11. a4 Nbd7 12. Nf3 Nh7 13. Qd2 h5 14. O-O f5 15. Bh6
Re8 16. Bxg7 Kxg7 17. a5 Rb8 18. Rfe1 Rxe1+ 19. Rxe1 b6 20. axb6 Rxb6 21. Ne2
Ne5 22. Nxe5 dxe5 23. Nc3 Qd6 24. Bc2 Rxb2 25. Na4 Rb4 26. Qc3 Nf6 27. Rxe5
Rxc4 28. Qxc4 1/2-1/2

[Event "I Magistral de Ajedrez Casar de Cáceres"]
[Site "Casar de Cáceres ESP"]
[Date "2007.10.25"]
[Round "6.3"]
[White "Llanes Hurtado, Miguel"]
[Black "Imre, Hera"]
[Result "1/2-1/2"]
[WhiteElo "2459"]
[BlackElo "2544"]
[PlyCount "39"]
[EventDate "2007.10.23"]
[EventType "tourn"]
[EventRounds "10"]
[EventCountry "ESP"]
[Source "lmi"]
[SourceDate "2007.10.22"]

1. d4 d5 2. c4 dxc4 3. Nf3 Nf6 4. e3 e6 5. Bxc4 c5 6. O-O a6 7. dxc5 Bxc5 8.
Qxd8+ Kxd8 9. Ne5 Ke7 10. Be2 Bd7 11. Bf3 Bc6 12. Nxc6+ Nxc6 13. Bxc6 bxc6 14.
b3 a5 15. Nc3 Rhd8 16. Na4 Bb4 17. Bb2 Rd2 18. Bc3 Bxc3 19. Nxc3 Nd5 20. Rfc1
1/2-1/2

[Event "I Magistral de Ajedrez Casar de Cáceres"]
[Site "Casar de Cáceres ESP"]
[Date "2007.10.26"]
[Round "7.1"]
[White "Llanes Hurtado, Miguel"]
[Black "Vazquez Igarza, Renier"]
[Result "1-0"]
[WhiteElo "2459"]
[BlackElo "2553"]
[PlyCount "99"]
[EventDate "2007.10.23"]
[EventType "tourn"]
[EventRounds "10"]
[EventCountry "ESP"]
[Source "lmi"]
[SourceDate "2007.10.22"]

1. d4 Nf6 2. c4 g6 3. Nc3 Bg7 4. e4 O-O 5. Nf3 d6 6. Be2 e5 7. O-O exd4 8. Nxd4
Re8 9. f3 Nc6 10. Be3 Nh5 11. Qd2 Nf4 12. Rfd1 Bxd4 13. Bxd4 Qg5 14. Bf1 Nxd4
15. Qxd4 Be6 16. g3 Re7 17. c5 dxc5 18. Qd2 Nh3+ 19. Bxh3 Qxd2 20. Rxd2 Bxh3
21. Nd5 Re5 22. f4 Rxd5 23. Rxd5 c4 24. Rad1 Re8 25. Rd8 Kf8 26. Kf2 Bg4 27.
R1d4 Be6 28. Ke3 Ke7 29. Rxe8+ Kxe8 30. Rd2 Ke7 31. Kd4 b6 32. Kc3 h5 33. f5
gxf5 34. exf5 Bxf5 35. Kxc4 c6 36. Kd4 Be6 37. a3 f6 38. Rf2 c5+ 39. Ke4 a6 40.
Rf4 a5 41. Rh4 Bg4 42. h3 Be2 43. Kf5 Kf7 44. g4 hxg4 45. hxg4 Bd3+ 46. Kf4 Kg7
47. Rh5 Bc4 48. g5 Bf7 49. gxf6+ Kxf6 50. Rh8 1-0

[Event "I Magistral de Ajedrez Casar de Cáceres"]
[Site "Casar de Cáceres ESP"]
[Date "2007.10.26"]
[Round "7.3"]
[White "Saldaño, Horacio"]
[Black "Mateo, Ramon"]
[Result "1-0"]
[WhiteElo "2452"]
[BlackElo "2493"]
[PlyCount "63"]
[EventDate "2007.10.23"]
[EventType "tourn"]
[EventRounds "10"]
[EventCountry "ESP"]
[Source "lmi"]
[SourceDate "2007.10.22"]

1. c4 e5 2. Nc3 Nf6 3. Nf3 Nc6 4. g3 Bb4 5. Nd5 Bc5 6. Bg2 O-O 7. d3 h6 8. a3
a5 9. O-O d6 10. e3 Ba7 11. Nxf6+ Qxf6 12. Rb1 Be6 13. Nd2 Qd8 14. b4 axb4 15.
axb4 Qd7 16. b5 Nd8 17. Ra1 Bh3 18. Bxh3 Qxh3 19. c5 dxc5 20. Nc4 Ne6 21. Nxe5
Bb6 22. Rxa8 Rxa8 23. Qf3 Ng5 24. Qxb7 Re8 25. Nf3 Nxf3+ 26. Qxf3 Rd8 27. Qc6
h5 28. Bb2 h4 29. Ra1 Qg4 30. Qe4 Qd7 31. Qxh4 Qxd3 32. Qg5 1-0

[Event "I Magistral de Ajedrez Casar de Cáceres"]
[Site "Casar de Cáceres ESP"]
[Date "2007.10.27"]
[Round "8.1"]
[White "Vazquez Igarza, Renier"]
[Black "Saldaño, Horacio"]
[Result "1-0"]
[WhiteElo "2553"]
[BlackElo "2452"]
[PlyCount "59"]
[EventDate "2007.10.23"]
[EventType "tourn"]
[EventRounds "10"]
[EventCountry "ESP"]
[Source "lmi"]
[SourceDate "2007.10.22"]

1. d4 Nf6 2. c4 g6 3. Nc3 Bg7 4. e4 d6 5. Nf3 O-O 6. Be2 Na6 7. Bf4 Nd7 8. Qd2
e5 9. Bh6 Re8 10. O-O exd4 11. Bxg7 Kxg7 12. Nxd4 Nac5 13. f3 a5 14. Kh1 Nf6
15. Rae1 b6 16. Bd1 Bb7 17. Bc2 h5 18. Nd5 Nxd5 19. cxd5 Qf6 20. f4 Kg8 21. f5
g5 22. Ne6 fxe6 23. fxe6 Qh6 24. Rf5 Re7 25. Ref1 Rg7 26. Rf6 Rg6 27. e5 Rxf6
28. Rxf6 Rf8 29. e7 Rxf6 30. exf6 1-0

[Event "I Magistral de Ajedrez Casar de Cáceres"]
[Site "Casar de Cáceres ESP"]
[Date "2007.10.27"]
[Round "8.2"]
[White "Mateo, Ramon"]
[Black "Imre, Hera"]
[Result "1-0"]
[WhiteElo "2493"]
[BlackElo "2544"]
[PlyCount "89"]
[EventDate "2007.10.23"]
[EventType "tourn"]
[EventRounds "10"]
[EventCountry "ESP"]
[Source "lmi"]
[SourceDate "2007.10.22"]

1. e4 c6 2. d4 d5 3. exd5 cxd5 4. c4 Nf6 5. Nc3 e6 6. Bf4 dxc4 7. Bxc4 Nbd7 8.
Nf3 Nb6 9. Bb3 Bd7 10. Ne5 Bc6 11. O-O Be7 12. Nxc6 bxc6 13. Qf3 Rc8 14. Rad1
O-O 15. Rfe1 Nbd5 16. Be5 Qb6 17. Qh3 Rfd8 18. Rd3 Bd6 19. Rf3 Bxe5 20. dxe5
Nxc3 21. bxc3 Ne4 22. Qh5 g6 23. Qh4 Nc5 24. Rxf7 Kxf7 25. Qxh7+ Kf8 26. Qh8+
Kf7 27. Qh7+ Kf8 28. Qh8+ Kf7 29. Qf6+ Kg8 30. Qxg6+ Kf8 31. Qf6+ Ke8 32. Qg6+
Ke7 33. Qf6+ Ke8 34. Bxe6 Nxe6 35. Qxe6+ Kf8 36. Qf6+ Kg8 37. e6 c5 38. h4 Rf8
39. Qg6+ Kh8 40. Qh6+ Kg8 41. Qg6+ Kh8 42. Re3 Qc7 43. e7 Rfe8 44. Qf6+ Kg8 45.
Re6 1-0

[Event "I Magistral de Ajedrez Casar de Cáceres"]
[Site "Casar de Cáceres ESP"]
[Date "2007.10.27"]
[Round "8.3"]
[White "Gonzalez Garcia, Jose"]
[Black "Llanes Hurtado, Miguel"]
[Result "1/2-1/2"]
[WhiteElo "2541"]
[BlackElo "2459"]
[PlyCount "28"]
[EventDate "2007.10.23"]
[EventType "tourn"]
[EventRounds "10"]
[EventCountry "ESP"]
[Source "lmi"]
[SourceDate "2007.10.22"]

1. d4 Nf6 2. c4 e6 3. Nc3 c5 4. d5 exd5 5. cxd5 d6 6. e4 g6 7. Bd3 Bg7 8. h3
O-O 9. Nf3 b5 10. Bxb5 Nxe4 11. Nxe4 Qa5+ 12. Nfd2 Qxb5 13. Nxd6 Qa6 14. N2c4
Rd8 1/2-1/2

[Event "I Magistral de Ajedrez Casar de Cáceres"]
[Site "Casar de Cáceres ESP"]
[Date "2007.10.27"]
[Round "9.1"]
[White "Gonzalez Garcia, Jose"]
[Black "Vazquez Igarza, Renier"]
[Result "1-0"]
[WhiteElo "2541"]
[BlackElo "2553"]
[PlyCount "143"]
[EventDate "2007.10.23"]
[EventType "tourn"]
[EventRounds "10"]
[EventCountry "ESP"]
[Source "lmi"]
[SourceDate "2007.10.22"]

1. d4 d5 2. c4 c6 3. Nf3 Nf6 4. e3 Bf5 5. Nc3 e6 6. Nh4 Bg6 7. g3 Bh5 8. Be2
Bxe2 9. Qxe2 Bb4 10. Bd2 Nbd7 11. O-O O-O 12. Nxd5 Nxd5 13. cxd5 Bxd2 14. dxe6
Bxe3 15. exf7+ Rxf7 16. fxe3 Nf6 17. Qc4 Qd5 18. Qxd5 cxd5 19. Rac1 Re8 20. Rc3
g6 21. Ng2 Kg7 22. h3 g5 23. g4 Kg6 24. Ne1 Kg7 25. Rf5 h6 26. Nf3 Rfe7 27. Re5
Ne4 28. Rc2 Nd6 29. Rxd5 Rxe3 30. Rc7+ Kg8 31. Rxd6 Rxf3 32. Rg6+ Kf8 33. Rxh6
Kg8 34. Rg6+ Kf8 35. Rxg5 Re2 36. Rh5 Kg8 37. Rg5+ Kf8 38. Rh5 Kg8 39. Re5 Rxb2
40. Re8+ Rf8 41. Rxf8+ Kxf8 42. d5 a5 43. a4 b6 44. Rb7 Ke8 45. g5 Rd2 46. g6
Kf8 47. Rxb6 Rxd5 48. Rb5 Rd3 49. Kg2 Kg7 50. Rxa5 Kxg6 51. Rb5 Ra3 52. Rb4 Kf5
53. h4 Ke5 54. Kf2 Rh3 55. Kg1 Ra3 56. Kg2 Kf5 57. Kf2 Ke5 58. Ke2 Kd5 59. h5
Rh3 60. Rb5+ Ke4 61. Rb4+ Kd5 62. Rb5+ Ke4 63. Kf2 Kf4 64. a5 Ra3 65. h6 Ra2+
66. Kg1 Ra1+ 67. Kg2 Ra2+ 68. Kf1 Rh2 69. Rb6 Kf3 70. Rf6+ Kg4 71. a6 Kg5 72.
Rb6 1-0

[Event "I Magistral de Ajedrez Casar de Cáceres"]
[Site "Casar de Cáceres ESP"]
[Date "2007.10.27"]
[Round "9.2"]
[White "Llanes Hurtado, Miguel"]
[Black "Mateo, Ramon"]
[Result "1-0"]
[WhiteElo "2459"]
[BlackElo "2493"]
[PlyCount "59"]
[EventDate "2007.10.23"]
[EventType "tourn"]
[EventRounds "10"]
[EventCountry "ESP"]
[Source "lmi"]
[SourceDate "2007.10.22"]

1. d4 Nf6 2. c4 e6 3. g3 d5 4. Nf3 Bb4+ 5. Bd2 Bxd2+ 6. Nbxd2 dxc4 7. Nxc4 O-O
8. Bg2 Bd7 9. Nfe5 Bc6 10. Nxc6 Nxc6 11. e3 Rb8 12. Rc1 Qd7 13. Ne5 Nxe5 14.
dxe5 Qxd1+ 15. Kxd1 Ng4 16. Ke2 Nxe5 17. Rxc7 Rfc8 18. Rhc1 Nc6 19. Rd7 Nd4+
20. Kd1 Rxc1+ 21. Kxc1 Nc6 22. Bxc6 bxc6 23. Rxa7 h5 24. Rc7 Rb6 25. b3 g5 26.
Kc2 Kg7 27. a4 Kg6 28. a5 Rb5 29. a6 Ra5 30. Rxc6 1-0

[Event "I Magistral de Ajedrez Casar de Cáceres"]
[Site "Casar de Cáceres ESP"]
[Date "2007.10.27"]
[Round "9.3"]
[White "Imre, Hera"]
[Black "Saldaño, Horacio"]
[Result "1/2-1/2"]
[WhiteElo "2544"]
[BlackElo "2452"]
[PlyCount "38"]
[EventDate "2007.10.23"]
[EventType "tourn"]
[EventRounds "10"]
[EventCountry "ESP"]
[Source "lmi"]
[SourceDate "2007.10.22"]

1. d4 Nf6 2. Nf3 e6 3. c4 c5 4. d5 d6 5. Nc3 exd5 6. cxd5 g6 7. Nd2 Bg7 8. e4
O-O 9. Be2 a6 10. a4 Re8 11. O-O Nbd7 12. Qc2 Ne5 13. Ra3 g5 14. Nd1 Rb8 15. a5
h6 16. Ne3 Ng6 17. g3 g4 18. Nec4 Nxd5 19. Qd3 Nb4 1/2-1/2